Alle Spieler von Sturm Graz seit 00/01 - Statistiken

Allgemein
  • Dieses Quiz wurde 9 mal gespielt
  • Das Durchschnittsergebnis liegt bei 53 aus 294
Antwortstatistiken
SK Puntigamer Sturm Graz % Korrekt
Ivica Vastic
100%
Markus Schupp
100%
Alexandar Borkovic
67%
Bright Edomwonyi
67%
Charles Amoah
67%
Christoph Leitgeb
67%
Daniel Hoffmann
67%
Fabian Koch
67%
Günther Neukirchner
67%
Hannes Reinmayr
67%
Heinz Weber
67%
Jakob Jantscher
67%
Joachim Standfest
67%
Jon Gorenc Stankovic
67%
Jörg Siebenhandl
67%
Josef Schicklgruber
67%
Jusuf Gazibegovic
67%
Konstantin Schopp
67%
Luka Maric
67%
Manuel Weber
67%
Mario Haas
67%
Marko Stankovic
67%
Markus Schopp
67%
Matthias Koch
67%
Rasmus Hojlund
67%
Robert Beric
67%
Romano Schmid
67%
Rubin Okotie
67%
Sebastian Prödl
67%
Thorsten Schick
67%
Tobias Koch
67%
Winfred Amoah
67%
Adam Ledwon
33%
Amadou Dante
33%
Andreas Hölzl
33%
Anel Kocijan
33%
Arjan Malic
33%
Arnel Jakupovic
33%
Belmin Beganovic
33%
Boban Dmitrovic
33%
Bojan Filipovic
33%
Christian Gratzei
33%
Christian Klem
33%
Christian Prawda
33%
Christian Schulz
33%
Daniel Beichler
33%
Daniel Lück
33%
Daniil Khudyakov
33%
Dardan Shabanhaxhaj
33%
Darko Bodul
33%
Darko Milanic
33%
David Schnegg
33%
Davit Mujiri
33%
Dimitri Lavalee
33%
Emanuel Aiwu
33%
Emanuel Sakic
33%
Emeka Eze
33%
Emmanuel Emegha
33%
Emran Soglo
33%
Fabian Lamotte
33%
Ferdinand Feldhofer
33%
Florian Kainz
33%
Franco Foda
33%
Gerald Säumel
33%
Gerald Strafner
33%
Gideon Mensah
33%
Gilbert Prilasnig
33%
Gordon Schildenfeld
33%
Gregory Wüthrich
33%
Grzegorz Szamotulski
33%
Haris Bukva
33%
Herbert Rauter
33%
Horst Heldt
33%
Ivan Ljubic
33%
Jacob Peter Hödl
33%
James Jeggo
33%
Jürgen Säumel
33%
Kazimierz Sidorczuk
33%
Kjell Scherpen
33%
Leon Grgic
33%
Lukas Jäger
33%
Manprit Sarkaria
33%
Mario Kienzl
33%
Mark Prettenthaler
33%
Martin Ehrenreich
33%
Martin Krienzer
33%
Martin Ovenstad
33%
Martin Pregelj
33%
Matteo Bignetti
33%
Matthias Sereinig
33%
Maurice Malone
33%
Milan Dudic
33%
Naim Sharifi
33%
Oliver Christensen
33%
Oliver Filip
33%
Otar Kiteishvili
33%
Patrick Wolf
33%
Peter Zulj
33%
Philipp Hosiner
33%
Philipp Huspek
33%
Philipp Zulechner
33%
Robert Almer
33%
Robert Golemac
33%
Robert Ibertsberger
33%
Roland Linz
33%
Roman Mählich
33%
Ronald Brunmayr
33%
Samir Muratovic
33%
Sandro Foda
33%
Sandro Ingolitsch
33%
Sandro Lindschinger
33%
Sascha Horvath
33%
Stefan Hierländer
33%
Stefan Stangl
33%
Tanju Kayhan
33%
Thomas Krammer
33%
Thomas Mandl
33%
Tim Oermann
33%
Tobias Kainz
33%
Tobias Schützenauer
33%
Tomi Horvat
33%
Tomislav Kocijan
33%
Uros Matic
33%
Wilson Kamavuaka
33%
Alain Masudi
0%
Albian Ajeti
0%
Aleksandar Todorovski
0%
Alexander Knezevic
0%
Alexander Prass
0%
Alexander Schachner
0%
Amadou Rabihou
0%
Amady Camara
0%
Anastasios Avlonitis
0%
Anderson Niangbo
0%
Andreas Fischer
0%
Andreas Gruber
0%
Andreas Kuen
0%
Andreas Pfingstner
0%
Andreas Pöllhuber
0%
Andrej Panadic
0%
Andres Fleurquin
0%
Anel Hadzic
0%
Anto Petrovic
0%
Arnold Wetl
0%
Arthur Okonkwo
0%
Axel Kayombo
0%
Baris Atik
0%
Bekim Balaj
0%
Benedikt Pliquett
0%
Benjamin Rosenberger
0%
Bryan Teixeira
0%
Carlos Eduardo
0%
Cedric Tsimba
0%
Charalampos Lykogiannis
0%
Christian Schoissengeyr
0%
Christoph Kröpfl
0%
Christoph Lang
0%
Daniel Offenbacher
0%
Danijel Klaric
0%
Dario Maresic
0%
David Affengruber
0%
David Badia
0%
David Nemeth
0%
David Schloffer
0%
David Schnaderbeck
0%
Deni Alar
0%
Didier Angan
0%
Didier Angibeaud
0%
Diego Rottensteiner
0%
Dominic Hassler
0%
Dominic Pürcher
0%
Dominik Oroz
0%
Donis Avdijaj
0%
Dragan Sarac
0%
Eddy Bosnar
0%
Edin Salkic
0%
Ekrem Dag
0%
Emir Karic
0%
Erencan Yardimci
0%
Ernst Dospel
0%
Ervin Bevab
0%
Fabian Schubert
0%
Fally Mayulu
0%
Filip De Wilde
0%
Filipe Ferreira
0%
Filip Rozga
0%
Florian Neuhold
0%
Francisco Mwepu
0%
Francisco Rojas
0%
Franck Silvestre
0%
Frank Verlaat
0%
Gabriel Haider
0%
Georgios Koutsoupias
0%
Gernot Suppan
0%
Giorgi Popkhadze
0%
Giorgi Shashiashvili
0%
György Korsos
0%
Igor Oshchypko
0%
Ilia Kandelaki
0%
Imre Szabics
0%
Isaac Donkor
0%
Jan-Pieter Martens
0%
Javad Razzaghi
0%
Javi Serrano
0%
Jerzy Brzeczek
0%
Jeyland Mitchell
0%
Johannes Ertl
0%
Johannes Focher
0%
Josip Tadic
0%
Juan Dominguez
0%
Julius Beck
0%
Jürgen Prutsch
0%
Kelvin Yeboah
0%
Kevin Friesenbichler
0%
Kiril Despodov
0%
Klaus Salmutter
0%
Klemen Lavric
0%
Kristijan Dobras
0%
Kristjan Bendra
0%
Leonhard Kaufmann
0%
Lovro Zvonarek
0%
Luca Kronberger
0%
Lukas Fadinger
0%
Lukas Grozurek
0%
Lukas Spendlhofer
0%
Malick Yalcouye
0%
Marc Andre Schmerböck
0%
Marco Djuricin
0%
Mariano Fernandez
0%
Mario Karner
0%
Mario Kreimer
0%
Mario Sonnleitner
0%
Markus Lackner
0%
Markus Pink
0%
Martin Hasek
0%
Martin Kobras
0%
Marvin Potzmann
0%
Marvin Weinberger
0%
Max Johnston
0%
Mehdi Pashazadeh
0%
Mehrdad Minavand
0%
Michael Esser
0%
Michael John Lema
0%
Michael Madl
0%
Michael Zechner
0%
Mika Biereth
0%
Mitja Mörec
0%
Mohammed Fuseini
0%
Moritz Wels
0%
Niklas Geyrhofer
0%
Nikola Vujadinovic
0%
Oliver Nzuzi Niati Polo
0%
Ozren Peric
0%
Patrick Mevoungou
0%
Patrick Puchegger
0%
Patrick Scherrer
0%
Paul Komposch
0%
Peter Hlinka
0%
Peter Kiedl
0%
Philipp Wippel
0%
Radovan Radakovic
0%
Ramiz Mamedov
0%
Ranko Popovic
0%
Raphael Obermair
0%
Reinhold Ranftl
0%
Richard Sukuta-Pasu
0%
Richard Wemmer
0%
Roman Kienast
0%
Ronald Gercaliu
0%
Samuel Stückler
0%
Sandi Lovric
0%
Sandro Schendl
0%
Sebastian Zettl
0%
Seedy Jatta
0%
Seifedin Chabbi
0%
Sergey Yuran
0%
Serkan Ciftci
0%
Silvije Cavlina
0%
Simon Piesinger
0%
Srdjan Pavlov
0%
Szymon Wlodarczyk
0%
Taisuke Akiyoshi
0%
Thomas Burgstaller
0%
Thomas Friess
0%
Thomas Schrammel
0%
Thorsten Röcher
0%
Timo Perthel
0%
Tochi Chukwuani
0%
Tomislav Barbaric
0%
Vesel Demaku
0%
Vincent Trummer
0%
Vitezslav Jaros
0%
William Boving
0%
Zeljko Balen
0%
Keine übereinstimmenden Quizze gefunden
Verteilung der Resultate
Anzahl Personen mit jedem Resultat
Perzentil nach korrekt beantworteten Fragen
Ihre Resultats-Entwicklung
Sie haben dieses Quiz noch nicht gespielt